[Event "XV Festival Conca della Presolana A"]
[Site "Bratto - Castione della Presolana ITA"]
[Date "1995.08.??"]
[Round "8"]
[White "Rosino, Antonio"]
[Black "Campini, Marco"]
[Result "1-0"]
[WhiteElo "2320"]
[BlackElo "2066"]
[PlyCount "171"]
[EventDate "1995.08.21"]

1.e4 c5 2.c3 Nc6 3.d4 d5 4.exd5 Qxd5 5.dxc5 Qxc5 6.Be3 Qe5 7.b4 Qc7 8.Na3 
Nf6 9.Bc4 e6 10.Nb5 Qb8 11.Nf3 Be7 12.O-O O-O 13.Nbd4 Ng4 14.Nxc6 bxc6 15.
Bd2 Rd8 16.Qe2 Qc7 17.h3 Nf6 18.Rfe1 Nd5 19.Rac1 a5 20.Rb1 Nb6 21.Bb3 axb4
22.cxb4 Ba6 23.Qe5 Qxe5 24.Rxe5 Nc4 25.Bxc4 Bxc4 26.Ra5 Rxa5 27.bxa5 f6 
28.Rb6 Bd5 29.Be3 c5 30.Nd2 Ra8 31.a6 Bd8 32.Rb5 Kf7 33.Bxc5 Rxa6 34.a3 
Be7 35.Bb4 f5 36.Nf3 Bf6 37.Rc5 Ra7 38.Rc2 g5 39.Nd2 Bd4 40.Nc4 Kf6 41.Nd6
Be5 42.Rc8 Ra8 43.Rc7 Bb2 44.Rxh7 Bxa3 45.Bc3+ e5 46.Rh6+ Kg7 47.Nxf5+ Kf7
48.Bxe5 Bc1 49.Rf6+ Ke8 50.Rb6 Ba3 51.Rb8+ Rxb8 52.Bxb8 Bc1 53.Ba7 Bb2 54.
Bd4 Bxd4 55.Nxd4 Kf7 56.f3 Kg6 57.Kf2 Kf6 58.Kg3 Bb7 59.Ne2 Ba6 60.Nc3 Kf5
61.Nd5 Ke5 62.Ne3 Bc8 63.Ng4+ Kf5 64.Nf2 Ba6 65.h4 Bf1 66.hxg5 Kxg5 67.
Ne4+ Kf5 68.Kf2 Bd3 69.Ke3 Ba6 70.g4+ Ke5 71.f4+ Kd5 72.Ng5 Bb7 73.f5 Ke5 
74.Nf3+ Kf6 75.Kf4 Bd5 76.g5+ Kg7 77.Nd4 Ba2 78.Ke5 Bb1 79.Ne6+ Kf7 80.g6+
Kg8 81.Kf6 Bc2 82.Ng5 Bb3 83.Nf7 Ba2 84.Nh6+ Kh8 85.g7+ Kh7 86.g8=Q+ 1-0

[Event "XV Festival Conca della Presolana B"]
[Site "Bratto - Castione della Presolana ITA"]
[Date "1995.08.??"]
[Round "2"]
[White "Riboldi, Raffaele"]
[Black "Miatello, Alberto"]
[Result "1-0"]
[WhiteElo "1711"]
[BlackElo "1713"]
[PlyCount "149"]
[EventDate "1995.08.21"]

1. d4 Nf6 2. c4 g6 3. Nc3 Bg7 4. e4 d6 5. Nge2 O-O 6. Ng3 c5 7. d5 Re8 8. Be2
e6 9. O-O exd5 10. exd5 h5 11. Bg5 Qb6 12. Qd2 Nh7 13. Be3 Nd7 14. Rab1 Qb4 15.
a3 Qa5 16. Nb5 Qxd2 17. Bxd2 h4 18. Nc7 Re7 19. Nxa8 hxg3 20. Rfe1 gxf2+ 21.
Kxf2 Bd4+ 22. Kf1 Ne5 23. b4 b6 24. bxc5 Bxc5 25. Bb4 Bxb4 26. Rxb4 Bb7 27.
Nxb6 axb6 28. Rxb6 Rd7 29. Reb1 Bc8 30. Rb8 Rd8 31. a4 Nd7 32. Ra8 Nhf6 33. a5
Ne4 34. Rb2 Nec5 35. h4 f5 36. g4 f4 37. g5 Ne5 38. Rbb8 Bh3+ 39. Kf2 Rxb8 40.
Rxb8+ Kf7 41. Rb6 Ne4+ 42. Ke1 f3 43. Rb7+ Ke8 44. Bxf3 Nxf3+ 45. Ke2 Ng1+ 46.
Ke3 Nc5 47. Rb1 Ne2 48. Kxe2 Bf5 49. Rb4 Kd7 50. Ke3 Kc7 51. Kd4 Na6 52. Rb6
Nc5 53. Rc6+ Kb7 54. Rxd6 Nb3+ 55. Ke5 Nxa5 56. Kd4 Nb3+ 57. Kc3 Nc5 58. Kb4
Ne4 59. Rd8 Kc7 60. Rf8 Kd6 61. h5 Ke7 62. Rh8 Nxg5 63. hxg6 Bxg6 64. c5 Nf7
65. Ra8 Ne5 66. Ra7+ Kd8 67. c6 Be4 68. Kc5 Nxc6 69. dxc6 Kc8 70. Kd6 Kb8 71.
Re7 Bf5 72. c7+ Kb7 73. Re8 Bc8 74. Rf8 Bg4 75. Rb8+ 1-0

[Event "XVI Mitropa Cup"]
[Site "Bukfurdo HUN"]
[Date "1995.02.??"]
[Round "2.3"]
[White "Godena, Michele"]
[Black "Kuijf, Marinus N."]
[Result "1/2-1/2"]
[WhiteElo "2430"]
[BlackElo "2465"]
[Annotator "ITA-NED"]
[PlyCount "95"]
[EventDate "1995.02.27"]

1. e4 c5 2. c3 d5 3. exd5 Qxd5 4. d4 Nc6 5. Nf3 cxd4 6. cxd4 e5 7. Nc3 Bb4 8.
Bd2 Bxc3 9. Bxc3 e4 10. Ne5 Nxe5 11. dxe5 Ne7 12. Qe2 O-O 13. Rd1 Qxa2 14. Qxe4
Bf5 15. Qd4 Bc2 16. Rc1 Rfd8 17. Qc5 Ng6 18. Bc4 Bb3 19. Bxb3 Qxb3 20. O-O Nf4
21. Ra1 b6 22. Qe3 Nd5 23. Qg3 Nxc3 24. Qxc3 Qxc3 25. bxc3 Rd3 26. Rfb1 Rad8
27. g3 R8d7 28. Kg2 g6 29. Ra3 Re7 30. Rba1 Rxe5 31. Rxa7 Rxc3 32. Rb1 Rc2 33.
Ra3 Rf5 34. Rf3 Rxf3 35. Kxf3 Rc6 36. g4 g5 37. Rb5 h6 38. Kg3 Kg7 39. h4 f6
40. hxg5 hxg5 41. f4 Rc3+ 42. Kf2 gxf4 43. Rxb6 Kg6 44. Rb5 Rg3 45. Ra5 Rxg4
46. Kf3 Rh4 47. Rb5 f5 48. Rb8 1/2-1/2

[Event "XVI Mitropa Cup"]
[Site "Bukfurdo HUN"]
[Date "1995.02.??"]
[Round "2.4"]
[White "Bosboom, Manuel"]
[Black "Belotti, Bruno"]
[Result "1/2-1/2"]
[WhiteElo "2430"]
[BlackElo "2405"]
[Annotator "ITA-NED"]
[PlyCount "112"]
[EventDate "1995.02.27"]

1. c4 g6 2. Nf3 Bg7 3. g3 Nf6 4. Bg2 O-O 5. O-O Nc6 6. Nc3 d6 7. Rb1 a5 8. a3
e5 9. d3 Bf5 10. Bg5 h6 11. Bxf6 Bxf6 12. Nd2 Bg7 13. b4 axb4 14. axb4 Qd7 15.
b5 Nd8 16. Nd5 Ra7 17. Ne4 Bxe4 18. Bxe4 h5 19. e3 Ra8 20. Nb4 Rb8 21. Ra1 Ne6
22. Ra7 Nc5 23. Bg2 f5 24. d4 exd4 25. exd4 Ne4 26. Nd5 Rfe8 27. Qd3 Qd8 28. h4
c6 29. bxc6 bxc6 30. Nf4 Qb6 31. Bxe4 fxe4 32. Qa3 Bxd4 33. Ra6 Qb3 34. Qxb3
Rxb3 35. Kg2 e3 36. Rxc6 Be5 37. fxe3 Rxe3 38. Rf3 Rxf3 39. Kxf3 Rf8 40. c5
dxc5 41. Rxg6+ Kh7 42. Rc6 Bxf4 43. gxf4 Ra8 44. Ke4 Ra1 45. Rxc5 Kh6 46. Kf5
Rg1 47. Rc6+ Kg7 48. Rc7+ Kh6 49. Ke5 Rg4 50. Rc6+ Kg7 51. f5 Rxh4 52. Rc7+ Kg8
53. Kf6 Rh1 54. Rg7+ Kf8 55. Rf7+ Kg8 56. Rg7+ Kf8 1/2-1/2

[Event "XVI Mitropa Cup"]
[Site "Bukfurdo HUN"]
[Date "1995.02.??"]
[Round "5.2"]
[White "Godena, Michele"]
[Black "Rogic, Davor"]
[Result "1-0"]
[WhiteElo "2430"]
[BlackElo "2460"]
[Annotator "ITA-CRO"]
[PlyCount "81"]
[EventDate "1995.02.27"]

1. e4 e5 2. Nf3 Nc6 3. d4 exd4 4. Nxd4 Nf6 5. Nc3 Bb4 6. Nxc6 bxc6 7. Bd3 d5 8.
exd5 cxd5 9. O-O O-O 10. Bg5 c6 11. Ne2 Re8 12. c3 Be7 13. Nd4 Bd7 14. Re1 Qb8
15. Rxe7 Rxe7 16. Bxf6 gxf6 17. Qh5 f5 18. Qg5+ Kf8 19. Qh6+ Ke8 20. Bxf5 Qb7
21. Qf6 Be6 22. Re1 Bxf5 23. Rxe7+ Qxe7 24. Qxc6+ Qd7 25. Qxa8+ Ke7 26. Nxf5+
Qxf5 27. Qxa7+ Kf8 28. Qb8+ Kg7 29. Qg3+ Kf8 30. Qb8+ Kg7 31. h3 Qb1+ 32. Kh2
Qxa2 33. h4 Kf6 34. Qd6+ Kf5 35. Qc5 Ke6 36. b4 Qd2 37. Qe3+ Qxe3 38. fxe3 Kd6
39. e4 dxe4 40. c4 f5 41. g3 1-0

[Event "XVI Mitropa Cup"]
[Site "Bukfurdo HUN"]
[Date "1995.02.??"]
[Round "5.4"]
[White "Belotti, Bruno"]
[Black "Loncar, Robert"]
[Result "0-1"]
[WhiteElo "2405"]
[BlackElo "2385"]
[Annotator "ITA-CRO"]
[PlyCount "52"]
[EventDate "1995.02.27"]

1. e4 e5 2. f4 exf4 3. Nf3 Be7 4. Bc4 Nf6 5. e5 Ng4 6. O-O d5 7. exd6 Qxd6 8.
d4 O-O 9. Nc3 Qh6 10. h3 Ne3 11. Bxe3 fxe3 12. Ne5 Be6 13. Bxe6 Qxe6 14. Qf3 c5
15. Qxb7 cxd4 16. Nd5 Bd6 17. Nf3 e2 18. Qxa8 exf1=Q+ 19. Kxf1 Bg3 20. Qb7 Rd8
21. c4 dxc3 22. Nxc3 Qe3 23. Ne4 Qd3+ 24. Kg1 Qd1+ 25. Ne1 Qxa1 26. Nxg3 Qxe1+
0-1

[Event "XVI Mitropa Cup"]
[Site "Bukfurdo HUN"]
[Date "1995.02.??"]
[Round "6.3"]
[White "Godena, Michele"]
[Black "Mrva, Martin"]
[Result "1-0"]
[WhiteElo "2430"]
[BlackElo "2405"]
[Annotator "ITA-SVK"]
[PlyCount "71"]
[EventDate "1995.02.27"]

1. e4 c5 2. c3 d6 3. d4 Nf6 4. Bd3 Nbd7 5. Nf3 e6 6. O-O Be7 7. e5 Nd5 8. Be4
cxd4 9. exd6 Bxd6 10. Bxd5 exd5 11. Re1+ Be7 12. Qxd4 Nf6 13. Qe5 a5 14. Na3
Ra6 15. Nb5 Kf8 16. Nfd4 h5 17. Bg5 h4 18. Re2 Rh5 19. Rae1 Bd7 20. f4 Bc5 21.
Nc7 Qc8 22. Nxa6 bxa6 23. Kh1 h3 24. g3 Kg8 25. Nb3 Ba7 26. Nd4 Qb7 27. Qe7 Ne4
28. Qd8+ Kh7 29. Qe7 f6 30. Rxe4 dxe4 31. Re3 fxg5 32. Ne6 Bxe6 33. Qxb7 Bxe3
34. Qxe4+ Kh8 35. Qxe6 Rh6 36. Qxe3 1-0

[Event "XVI Mitropa Cup"]
[Site "Bukfurdo HUN"]
[Date "1995.02.??"]
[Round "8.1"]
[White "Ekstroem, Roland"]
[Black "Tatai, Stefano"]
[Result "1-0"]
[WhiteElo "2430"]
[BlackElo "2430"]
[Annotator "ITA-SUI"]
[PlyCount "65"]
[EventDate "1995.02.27"]

1. e4 e5 2. Nc3 Nf6 3. Nf3 Nc6 4. Bb5 Bb4 5. O-O O-O 6. d3 Bxc3 7. bxc3 d6 8.
Bg5 Ne7 9. Nh4 Nd7 10. Bc4 Kh8 11. d4 f6 12. Be3 exd4 13. cxd4 d5 14. exd5 Nb6
15. Bb3 Nbxd5 16. Bd2 b5 17. Re1 g5 18. Nf3 a5 19. c4 bxc4 20. Bxc4 Bf5 21. Qb3
Qd6 22. Qb5 Rfd8 23. h3 c6 24. Qc5 Qd7 25. Rac1 Ng6 26. Bxd5 cxd5 27. Qb6 Rf8
28. Rc7 Qd8 29. Qb7 Nf4 30. Bxf4 Rb8 31. Rxh7+ Bxh7 32. Bxb8 Qxb8 33. Qxd5 1-0

[Event "XVI Mitropa Cup"]
[Site "Bukfurdo HUN"]
[Date "1995.02.??"]
[Round "9.4"]
[White "Fogarasi, Tibor"]
[Black "Belotti, Bruno"]
[Result "1-0"]
[WhiteElo "2500"]
[BlackElo "2405"]
[Annotator "ITA-HUN"]
[PlyCount "85"]
[EventDate "1995.02.27"]

1. e4 c5 2. Nf3 d6 3. d4 cxd4 4. Nxd4 Nf6 5. Nc3 a6 6. Be3 e6 7. Qd2 b5 8. f3
Nbd7 9. g4 Nb6 10. g5 Nfd7 11. Bd3 Bb7 12. O-O-O Rc8 13. Kb1 Ne5 14. f4 Nec4
15. Bxc4 Nxc4 16. Qd3 Nxe3 17. Qxe3 Rc4 18. Rhe1 Be7 19. h4 Qb6 20. Qd3 Qc7 21.
f5 b4 22. Na4 e5 23. Nb3 f6 24. gxf6 Bxf6 25. h5 h6 26. Nb6 Rxe4 27. Rxe4 Qxb6
28. Ree1 d5 29. Qe3 Qxe3 30. Rxe3 O-O 31. Nc5 d4 32. Rg3 Bc8 33. Rf1 Be7 34.
Rfg1 Bg5 35. Ne4 Bxf5 36. Nxg5 hxg5 37. Rxg5 Rf7 38. Kc1 e4 39. Rf1 Be6 40.
Rxf7 Kxf7 41. Ra5 Bc4 42. Re5 e3 43. Re4 1-0

[Event "VI Open Gelso Bianco B"]
[Site "Catania ITA"]
[Date "1995.08.06"]
[Round "1"]
[White "Alaimo, Riccardo"]
[Black "Ferri, Giuseppe"]
[Result "1-0"]
[WhiteElo "1933"]
[BlackElo "1618"]
[PlyCount "127"]
[EventDate "1995.08.06"]

1. e4 e6 2. d4 d5 3. Nc3 dxe4 4. Nxe4 Nd7 5. Nf3 Ngf6 6. Nxf6+ Nxf6 7. Bd3 Be7
8. Bg5 h6 9. Bd2 a6 10. Qe2 c5 11. dxc5 Bxc5 12. O-O-O Qc7 13. Bc3 b5 14. Rhe1
Bb7 15. Ne5 O-O-O 16. Kb1 Nd5 17. Bd2 f6 18. Nf3 e5 19. c4 bxc4 20. Bxc4 Rd6
21. Rc1 Kb8 22. Rc2 Qb6 23. Rec1 Rhd8 24. Bb3 Bxf2 25. Bxh6 gxh6 26. Qxf2 Qxf2
27. Rxf2 Nf4 28. Ne1 Rd2 29. Rxd2 Rxd2 30. g3 Nh3 31. Be6 Ng5 32. Bf5 Rxh2 33.
Nc2 Be4 34. Bxe4 Nxe4 35. Rg1 Nf2 36. Nb4 Kb7 37. Nd5 Rh1 38. Rxh1 Nxh1 39. g4
Nf2 40. Nxf6 Kc6 41. Kc2 Kd6 42. Kd2 Ke6 43. Ke2 Kxf6 44. Kxf2 Kg5 45. Kg3 a5
46. b3 Kf6 47. a3 Ke6 48. Kf3 Kd5 49. Ke3 e4 50. b4 a4 51. b5 Kc5 52. Kxe4 Kxb5
53. Kd5 Kb6 54. Kc4 Kc6 55. Kb4 Kd5 56. Kxa4 Ke4 57. Kb4 Kf4 58. a4 Kxg4 59. a5
h5 60. a6 h4 61. a7 Kg3 62. a8=Q Kh2 63. Qf3 h3 64. Kc3 1-0

[Event "VI Open Gelso Bianco B"]
[Site "Catania ITA"]
[Date "1995.08.06"]
[Round "1"]
[White "Carmeni, Giovanni"]
[Black "Cillo, Luigi"]
[Result "0-1"]
[WhiteElo "1633"]
[BlackElo "1528"]
[PlyCount "50"]
[EventDate "1995.08.06"]

1. c4 e5 2. Nf3 Nc6 3. Nc3 Nf6 4. d4 exd4 5. Nxd4 Bc5 6. e3 O-O 7. Be2 d6 8.
Bf3 Bd7 9. O-O Re8 10. b3 Rb8 11. Bb2 Ne5 12. a3 a5 13. Be2 Nfg4 14. Nf3 Nxf3+
15. Bxf3 Qh4 16. Bxg4 Bxg4 17. Qd2 Qg5 18. Kh1 Re6 19. Nd5 Rh6 20. Qc3 f6 21.
Nf4 Qh4 22. h3 g5 23. g3 Bf3+ 24. Kh2 Qxh3+ 25. Nxh3 g4 0-1

[Event "VI Open Gelso Bianco B"]
[Site "Catania ITA"]
[Date "1995.08.07"]
[Round "2"]
[White "Verde, Salvatore"]
[Black "Alaimo, Riccardo"]
[Result "0-1"]
[WhiteElo "1630"]
[BlackElo "1933"]
[PlyCount "54"]
[EventDate "1995.08.06"]

1. e4 c5 2. Nf3 d6 3. d4 cxd4 4. Nxd4 Nf6 5. Nc3 a6 6. Be2 e5 7. Nb3 Be7 8. O-O
O-O 9. f4 Qc7 10. Nd5 Nxd5 11. exd5 Bf5 12. Bd3 Bxd3 13. Qxd3 Nd7 14. c4 Rac8
15. Nd2 exf4 16. Rxf4 Ne5 17. Qg3 Ng6 18. Rg4 Bf6 19. Ne4 Be5 20. Qh3 f5 21.
Ng5 h6 22. Ne6 fxg4 23. Qxg4 Qb6+ 24. c5 dxc5 25. Bxh6 c4+ 26. Kh1 Qf2 27. Rg1
Qf5 0-1

[Event "VI Open Gelso Bianco B"]
[Site "Catania ITA"]
[Date "1995.08.08"]
[Round "3"]
[White "Alaimo, Riccardo"]
[Black "Arcangeli, Alessandro"]
[Result "1-0"]
[WhiteElo "1933"]
[BlackElo "1734"]
[PlyCount "33"]
[EventDate "1995.08.06"]

1. e4 c5 2. Nc3 Nc6 3. f4 g6 4. Nf3 Bg7 5. Bc4 d6 6. O-O e6 7. f5 exf5 8. d3
Nge7 9. Qe1 O-O 10. Qh4 fxe4 11. Ng5 h5 12. Nxf7 Qc7 13. Nxd6+ Kh7 14. Rxf8
Bxf8 15. Qf6 Ne5 16. Qxf8 Nxc4 17. Ne8 1-0

[Event "VI Open Gelso Bianco B"]
[Site "Catania ITA"]
[Date "1995.08.09"]
[Round "4"]
[White "Alaimo, Riccardo"]
[Black "Giocastro, Andrea"]
[Result "1-0"]
[WhiteElo "1933"]
[BlackElo "2046"]
[PlyCount "101"]
[EventDate "1995.08.06"]

1. e4 e6 2. d4 d5 3. Nc3 Nf6 4. Bg5 Be7 5. e5 Nfd7 6. h4 a6 7. Qg4 Bxg5 8. hxg5
c5 9. g6 f5 10. Qh5 h6 11. dxc5 Nc6 12. O-O-O Ncxe5 13. Nh3 O-O 14. Nf4 Nf6 15.
Qe2 Ne4 16. Nxe4 fxe4 17. g3 Qf6 18. Qh5 Bd7 19. Bh3 Rac8 20. Rxd5 exd5 21.
Bxd7 Nxd7 22. Qxd5+ Kh8 23. Qxd7 Qg5 24. Rh5 Rcd8 25. Qh3 Qe7 26. Ne6 e3 27.
fxe3 Rf1+ 28. Qxf1 Qxe6 29. Qf4 Qxg6 30. Rf5 Qe6 31. Rf8+ Rxf8 32. Qxf8+ Kh7
33. Qf4 Qd5 34. e4 Qxa2 35. Qf5+ Kh8 36. Qc8+ Kh7 37. Qxb7 Qa1+ 38. Kd2 Qa5+
39. b4 Qa1 40. Qd5 Qg1 41. Qd3 Qf2+ 42. Kc3 Qe1+ 43. Kc4 Qb1 44. e5+ Kg8 45. e6
h5 46. c6 Qh1 47. Qd5 Qf1+ 48. Kc5 Qb5+ 49. Kd6 Qxb4+ 50. Kd7 Qg4 51. c7 1-0

[Event "VI Open Gelso Bianco B"]
[Site "Catania ITA"]
[Date "1995.08.10"]
[Round "5"]
[White "Alfarone, Giovanni"]
[Black "Alaimo, Riccardo"]
[Result "1-0"]
[WhiteElo "1924"]
[BlackElo "1933"]
[PlyCount "81"]
[EventDate "1995.08.06"]

1. Nf3 Nf6 2. c4 g6 3. b3 Bg7 4. Bb2 O-O 5. g3 b6 6. Bg2 Bb7 7. O-O c5 8. e3 e6
9. d4 cxd4 10. exd4 d5 11. Ne5 Nbd7 12. Nc3 Rc8 13. Nb5 a6 14. Nd6 Rc7 15. Nxb7
Rxb7 16. Ba3 Rc7 17. Bxf8 Kxf8 18. Rc1 Qc8 19. cxd5 Nxd5 20. Bxd5 exd5 21. Rxc7
Qxc7 22. Nxd7+ Qxd7 23. Qd2 a5 24. Qf4 Qd8 25. Rc1 g5 26. Qg4 Ke7 27. Qxg5+ Bf6
28. Qf4 Kd7 29. Qf5+ Ke7 30. Rc6 Bxd4 31. Qg5+ Ke8 32. Qg8+ Ke7 33. Qxd8+ Kxd8
34. Rd6+ Ke7 35. Rxd5 Bg7 36. g4 h6 37. Kf1 Ke6 38. Rf5 Bd4 39. Ke2 Bc5 40. Kd3
Bd6 41. h3 1-0

[Event "VI Open Gelso Bianco B"]
[Site "Catania ITA"]
[Date "1995.08.11"]
[Round "6"]
[White "Andreoli, Mark"]
[Black "Alaimo, Riccardo"]
[Result "1-0"]
[WhiteElo "2085"]
[BlackElo "1933"]
[PlyCount "25"]
[EventDate "1995.08.06"]

1. e4 c5 2. d4 cxd4 3. c3 dxc3 4. Nxc3 e6 5. Nf3 Nc6 6. Bc4 Bb4 7. O-O Nge7 8.
Nb5 a6 9. Nd6+ Bxd6 10. Qxd6 b5 11. Bb3 O-O 12. Be3 Na5 13. Bb6 1-0

[Event "VI Open Gelso Bianco B"]
[Site "Catania ITA"]
[Date "1995.08.12"]
[Round "7"]
[White "Alaimo, Riccardo"]
[Black "Canonico, Francesco"]
[Result "1-0"]
[WhiteElo "1933"]
[BlackElo "1764"]
[PlyCount "73"]
[EventDate "1995.08.06"]

1. e4 d6 2. d4 Nf6 3. Nc3 g6 4. Bc4 Bg7 5. Qe2 O-O 6. e5 dxe5 7. dxe5 Ne8 8.
Bg5 c6 9. Rd1 Qc7 10. Nf3 Bg4 11. e6 f6 12. Rd7 Qa5 13. Bd2 Bxf3 14. Qxf3 Qe5+
15. Qe2 Qxe2+ 16. Kxe2 Nxd7 17. exd7+ Kh8 18. dxe8=Q Raxe8 19. Be6 f5 20. Be3
Rf6 21. Bb3 b6 22. Bd4 e5 23. Be3 h6 24. f3 Rd6 25. Rd1 Red8 26. Rxd6 Rxd6 27.
a4 Bf8 28. a5 c5 29. Nb5 Rd7 30. a6 Kg7 31. Be6 Re7 32. Bc8 e4 33. f4 Re8 34.
Bb7 Rb8 35. Nxa7 Rxb7 36. axb7 Bd6 37. Nc6 1-0

[Event "VI Open Gelso Bianco B"]
[Site "Catania ITA"]
[Date "1995.08.13"]
[Round "8"]
[White "Licciardello, Salvatore"]
[Black "Alaimo, Riccardo"]
[Result "0-1"]
[WhiteElo "1827"]
[BlackElo "1933"]
[PlyCount "80"]
[EventDate "1995.08.06"]

1. e4 c5 2. Nf3 d6 3. Bb5+ Nd7 4. O-O Ngf6 5. d3 a6 6. Bxd7+ Bxd7 7. h3 g6 8.
Re1 Bg7 9. e5 dxe5 10. Nxe5 O-O 11. Nxd7 Qxd7 12. Nd2 Rfd8 13. Qe2 Nd5 14. Nf3
b5 15. Rb1 h6 16. a3 e6 17. Be3 Rac8 18. Qd2 Nxe3 19. Qxe3 c4 20. dxc4 Rxc4 21.
c3 Rc6 22. Re2 Rd6 23. Rbe1 Rd5 24. Qb6 Rd6 25. Qe3 Rd5 26. Qb6 Qd6 27. Qxd6
R8xd6 28. Kf1 Kf8 29. Rc2 Ke7 30. Rec1 h5 31. Ra1 Rc5 32. Re2 a5 33. Ke1 Rxc3
34. Nd2 Rc2 35. Ne4 Rdc6 36. Rxc2 Rxc2 37. Kd1 Rxb2 38. Rc1 Be5 39. Rc5 f5 40.
Ng5 Bd6 0-1

[Event "VI Open Gelso Bianco A"]
[Site "Catania ITA"]
[Date "1995.08.06"]
[Round "1"]
[White "Agnello, Giuseppe"]
[Black "Ortega Izquierdo, Alejandro"]
[Result "0-1"]
[WhiteElo "2160"]
[BlackElo "2330"]
[PlyCount "58"]
[EventDate "1995.08.06"]

1.e4 c5 2.c3 e6 3.d4 d5 4.e5 Ne7 5.Nf3 Nec6 6.Bd3 Nd7 7.O-O Be7 8.Re1 Rb8 
9.a4 a6 10.Na3 c4 11.Bb1 Na5 12.Nd2 O-O 13.b4 cxb3 14.Nxb3 f5 15.exf6 Nxf6
16.Bf4 Nxb3 17.Qxb3 Bd6 18.Bxd6 Qxd6 19.Ra2 Bd7 20.Bd3 Ng4 21.g3 Rfc8 22.
f4 g5 23.Qc2 gxf4 24.Bxh7+ Kh8 25.Qg6 Nf6 26.Bg8 Nxg8 27.Re5 Nf6 28.Rh5+ 
Nxh5 29.Qxh5+ Kg7 0-1

[Event "VI Open Gelso Bianco A"]
[Site "Catania ITA"]
[Date "1995.08.06"]
[Round "1"]
[White "Aleksic, Nenad"]
[Black "Parrella, Alfredo"]
[Result "1-0"]
[WhiteElo "2445"]
[BlackElo "2225"]
[PlyCount "47"]
[EventDate "1995.08.06"]

1.e4 e6 2.Nf3 d5 3.Nc3 d4 4.Ne2 c5 5.c3 Nf6 6.d3 Nc6 7.g3 e5 8.Bg2 Be7 9.
O-O O-O 10.h3 Ne8 11.Ne1 Rb8 12.cxd4 Nxd4 13.Nxd4 Qxd4 14.Nf3 Qd6 15.Nxe5 
Qd8 16.Nf3 Nc7 17.d4 cxd4 18.Nxd4 Bf6 19.Be3 Qe7 20.Qb3 Bd7 21.Rac1 Rfc8 
22.Rfd1 a6 23.Nf5 Bxf5 24.exf5 1-0

[Event "VI Open Gelso Bianco A"]
[Site "Catania ITA"]
[Date "1995.08.06"]
[Round "1"]
[White "Bouaziz, Slim"]
[Black "Stassi, Emilio"]
[Result "1/2-1/2"]
[WhiteElo "2435"]
[BlackElo "2155"]
[PlyCount "90"]
[EventDate "1995.08.06"]

1.e4 c5 2.Nf3 d6 3.d4 cxd4 4.Nxd4 Nf6 5.Nc3 Nc6 6.Be3 Ng4 7.Bb5 Nxe3 8.
Nxc6 Nxd1 9.Nxd8+ Kxd8 10.Rxd1 e6 11.Be2 a6 12.Na4 Kc7 13.c4 Be7 14.Kd2 
Bf6 15.Kc2 Bd7 16.Nc3 Bc6 17.f3 h5 18.h3 h4 19.Rhe1 Rad8 20.Bf1 Be5 21.Ne2
b6 22.Nd4 Bb7 23.Re3 Bc6 24.Ra3 Ra8 25.Rad3 Ba4+ 26.b3 Bd7 27.Ne2 g5 28.
R3d2 Rhd8 29.Kb1 Be8 30.Nc1 Bc6 31.Rc2 Kb7 32.Nd3 Bf6 33.Nb4 Be8 34.a3 Be5
35.Nd3 Bf6 36.Be2 Bc6 37.Nb4 Be8 38.Rcd2 Kc7 39.Rc2 Kb7 40.Rf1 Be5 41.Nd3 
Bf4 42.Rd1 Be3 43.Nb4 Bf4 44.Nd3 Be3 45.Nb4 Bf4 1/2-1/2

[Event "VI Open Gelso Bianco A"]
[Site "Catania ITA"]
[Date "1995.08.06"]
[Round "1"]
[White "Contin, Daniel"]
[Black "Sax, Gyula"]
[Result "0-1"]
[WhiteElo "2365"]
[BlackElo "2550"]
[PlyCount "82"]
[EventDate "1995.08.06"]

1.c4 Nf6 2.Nf3 c5 3.g3 d5 4.Bg2 d4 5.b4 cxb4 6.a3 b3 7.Qxb3 Nc6 8.d3 e5 9.
O-O Be7 10.Nbd2 O-O 11.Bb2 h6 12.Qc2 Bf5 13.Rfb1 Re8 14.Bc1 Qc7 15.Rb5 
Rad8 16.Nb3 Bc8 17.Nfd2 Bf8 18.Ne4 Nxe4 19.Bxe4 a6 20.Rd5 Bd6 21.Bd2 Be6 
22.Ba5 b6 23.Bxb6 Qxb6 24.c5 Qb8 25.cxd6 Bxd5 26.Bxd5 Na7 27.Qc4 Rf8 28.
Qxa6 Rxd6 29.Qa5 Nb5 30.Bc4 Nc3 31.Qxe5 Re8 32.Qf5 Nxe2+ 33.Kg2 Qb7+ 34.f3
Nc3 35.Nc5 Qb2+ 36.Kh3 Rf6 37.Qd7 Re5 38.Qc8+ Kh7 39.Nd7 Rh5+ 40.Kg4 Rg6+ 
41.Kf4 Qd2# 0-1

[Event "VI Open Gelso Bianco A"]
[Site "Catania ITA"]
[Date "1995.08.06"]
[Round "1"]
[White "Fabiano, Giuseppe"]
[Black "Cherniaev, Alexander"]
[Result "1-0"]
[WhiteElo "2230"]
[BlackElo "2450"]
[PlyCount "80"]
[EventDate "1995.08.06"]

1.Nf3 g6 2.g3 Bg7 3.Bg2 d6 4.d3 e5 5.O-O Ne7 6.e4 c5 7.c3 Nbc6 8.a3 O-O 9.
b4 h6 10.Nbd2 Be6 11.Rb1 Rb8 12.Re1 b5 13.bxc5 dxc5 14.Nb3 Bxb3 15.Rxb3 
Qd6 16.Be3 Rfd8 17.Nd2 Na5 18.Rb2 c4 19.Qb1 cxd3 20.Rxb5 Nec6 21.Bc5 Qd7 
22.Bf1 Rxb5 23.Qxb5 Nb7 24.Be3 Bf8 25.a4 Nba5 26.Rd1 h5 27.h4 Be7 28.Nc4 
Rb8 29.Qa6 Nxc4 30.Qxc4 Na5 31.Qa2 Qc6 32.Rxd3 Qxe4 33.Rd7 Kf8 34.Bb5 a6 
35.Bh6+ Kg8 36.Rxe7 Qf5 37.Bd3 Qf3 38.Bxg6 Nb3 39.Bxf7+ Kh8 40.Bxb3 Rd8 
1-0

[Event "VI Open Gelso Bianco A"]
[Site "Catania ITA"]
[Date "1995.08.06"]
[Round "1"]
[White "Isonzo, David"]
[Black "Adla, Diego Gustavo"]
[Result "0-1"]
[WhiteElo "2190"]
[BlackElo "2440"]
[PlyCount "88"]
[EventDate "1995.08.06"]

1.d4 e6 2.e4 d5 3.Nc3 Bb4 4.exd5 exd5 5.Bd3 Nf6 6.a3 Bxc3+ 7.bxc3 O-O 8.
Ne2 Bg4 9.O-O Re8 10.f3 Bh5 11.Rb1 b6 12.Nf4 Qd6 13.c4 dxc4 14.Bxc4 Nc6 
15.c3 Bg6 16.Nxg6 hxg6 17.Qd3 Ne7 18.a4 Nfd5 19.Re1 Nf5 20.Bd2 Nf4 21.Bxf4
Qxf4 22.Re4 Qg5 23.Rbe1 Nd6 24.Rxe8+ Rxe8 25.Rxe8+ Nxe8 26.Bb5 Nd6 27.c4 
Qc1+ 28.Kf2 Qb2+ 29.Kg1 Nf5 30.d5 Nh4 31.Qf1 g5 32.Qf2 Qc1+ 33.Qf1 Qc3 34.
Qb1 Nf5 35.h3 g6 36.Kh2 Qe5+ 37.Kg1 Qe3+ 38.Kh2 Qf2 39.Qg1 Qg3+ 40.Kh1 Qf4
41.Qe1 Kg7 42.Kg1 Qd4+ 43.Kh2 Kf6 44.Qe8 Qe5+ 0-1

[Event "VI Open Gelso Bianco A"]
[Site "Catania ITA"]
[Date "1995.08.06"]
[Round "1"]
[White "Kogan, Artur"]
[Black "Martorelli, Antonio"]
[Result "0-1"]
[WhiteElo "2495"]
[BlackElo "2320"]
[PlyCount "54"]
[EventDate "1995.08.06"]

1.e4 c5 2.Nc3 e6 3.Nf3 a6 4.d4 cxd4 5.Nxd4 Qc7 6.Bd3 Nc6 7.Nxc6 dxc6 8.f4 
e5 9.O-O Nf6 10.Qe1 Be7 11.fxe5 Ng4 12.Bf4 Be6 13.Nd1 g5 14.Bg3 h5 15.Be2 
O-O-O 16.Bxg4 hxg4 17.Ne3 Bc5 18.Kh1 Bd4 19.Qe2 Bxb2 20.Rab1 Bxe5 21.Bxe5 
Qxe5 22.Nxg4 Qg3 23.Rf5 Bxf5 24.exf5 Rxh2+ 25.Nxh2 Rh8 26.Kg1 Qxh2+ 27.Kf2
Qh4+ 0-1

[Event "VI Open Gelso Bianco A"]
[Site "Catania ITA"]
[Date "1995.08.06"]
[Round "1"]
[White "Ljubisavljevic, Zivojin Z."]
[Black "Conquest, Stuart C."]
[Result "0-1"]
[WhiteElo "2285"]
[BlackElo "2455"]
[PlyCount "62"]
[EventDate "1995.08.06"]

1.d4 Nf6 2.c4 e6 3.Nf3 d5 4.e3 Be7 5.b3 O-O 6.Bd3 c5 7.O-O Nbd7 8.Nc3 b6 
9.cxd5 exd5 10.Ne5 Bb7 11.f4 a6 12.a4 Rc8 13.Bd2 Ne4 14.Nxe4 dxe4 15.Bc4 
cxd4 16.Qh5 Nxe5 17.fxe5 Bd5 18.Bxa6 Rc2 19.Be1 Bg5 20.Bc4 Bxe3+ 21.Kh1 
Bxc4 22.bxc4 Qg5 23.Qh3 Qxe5 24.Bb4 Rd8 25.a5 bxa5 26.Rxa5 Qe6 27.Rd5 Rc8 
28.Qh4 f6 29.Bc5 Rxc4 30.Rd6 Qf5 31.Qe1 Qf4 0-1

[Event "VI Open Gelso Bianco A"]
[Site "Catania ITA"]
[Date "1995.08.06"]
[Round "1"]
[White "Manca, Federico"]
[Black "Garcia Palermo, Carlos Horacio"]
[Result "0-1"]
[WhiteElo "2355"]
[BlackElo "2505"]
[PlyCount "98"]
[EventDate "1995.08.06"]

1.e4 c6 2.d4 d5 3.Nd2 dxe4 4.Nxe4 Bf5 5.Ng3 Bg6 6.h4 h6 7.Nh3 Nf6 8.Nf4 
Bh7 9.Bc4 Nbd7 10.c3 Nb6 11.Bb3 e6 12.Qe2 Bd6 13.Nfh5 O-O 14.Nxf6+ Qxf6 
15.Ne4 Bxe4 16.Qxe4 Rfe8 17.Be3 Nd5 18.O-O-O Qf5 19.Bc2 Qxe4 20.Bxe4 Nxe3 
21.fxe3 h5 22.Bf3 g6 23.c4 f5 24.c5 Be7 25.Kc2 e5 26.dxe5 Bxc5 27.Rd7 Rab8
28.Be2 Rxe5 29.Bc4+ Kh8 30.Rhd1 Rxe3 31.Rc7 Re7 32.Rdd7 Rxd7 33.Rxd7 Bf2 
34.Rd6 Kg7 35.Rd7+ Kh6 36.Bf7 Bxh4 37.Rd6 Bf6 38.Rxf6 Kg7 39.Rxg6+ Kxf7 
40.Rg5 Kf6 41.Rxh5 Rg8 42.Rh2 a5 43.Kd2 a4 44.Ke2 a3 45.bxa3 Rg3 46.Kf1 
Kg6 47.Rh8 Rxa3 48.Rb8 b5 49.Rb6 Rc3 0-1